| 000 | 00539nam a2200181 a 4500 | ||
|---|---|---|---|
| 005 | 20140412111242.0 | ||
| 008 | 020409s19uu xx 00 eng d | ||
| 020 | _a1-85758-850-9 | ||
| 050 |
_aTR(GS 372.632 _bD228 1998 |
||
| 100 | _aDaniels, Ursula | ||
| 245 |
_aSpelling practice, ages 6-7 / _cUrsula Daniels. |
||
| 260 |
_aLondon : _bLetts Educational, _c1998. |
||
| 300 | _a32 p. | ||
| 440 | _aLetts | ||
| 520 | _aQuestions to imporve your child's spelling (ages 6-7) | ||
| 650 |
_aSpelling _xJuvenile literature |
||
| 999 |
_c102772 _d102772 |
||